000
00388nam a2200133Ia 4500
008
151001s9999||||xx |||||||||||||| ||und||
100
_a
दत्तात्रय सदाशिव पुराणिक
245
_a
संचार एका कुंचल्याचा
250
_a
1
260
_b
मेघना
260
_c
1985
300
_a
92
365
_b
21
999
_c
969256
_d
969253